00928nam a2200241 a 450000100100000000500170001000800410002704000250006804100390009308200130013210000390014524000390018424500910022326000480031430000200036249000340038253400480041670000380046483000410050204900090054395201170055299900170066900002286020250526115843.0101119s1969 mx 000 0 spa d aDO-SdBNPbspacBNPHU17aspaheng2Código de idiomas MARC ann*bnn*1 aMarcuse, Herbert,d1898-19799512810aAn essay on liberation.lEspañol13aUn ensayo sobre la liberación /cHerbert Marcuse ; traducción Juan García Ponce. aMéxico, D. F. :bJoaquín Mortiz,c1969. a94 p. ;c20 cm.1 aCaudernos de Joaquín Mortiz aTítulo original :tAn essay on liberation1 aGarcía Ponce, Juan,etr.946983 0aCaudernos de Joaquín Mortiz946984 aBNGR 001054708MOaGRbGRcCTd2010-11-19iLF1l0onn* nn*p22860-10r2020-06-25w2020-06-25y4ZPréstamo en sala c22357d22357